000 00580nam a2200181 a 4500
008 960122s1990||||[C 0 slo c
020 _a8008007850
_c99
040 _aSNK
_bslo
_cSNK
_eAACR2
041 1 _aslo
100 1 _aGründlerová, Viera
_4aut
245 1 0 _aFrancúzsko-slovenský frazeologický slovník
_b/Zv. 2/. G-Z
_cViera Gründlerová, Jozef Škultéty, Ján Taraba
250 _a1., vyd.
260 _aBratislava
_bSlovenské pedagogické nakladateľstvo
_c1990
700 1 _aŠkultéty, Jozef
_4aut
700 1 _aTaraba, Ján
_4aut
044 _axo
_cSK
958 _aA
999 _c19257
_d19257